000 00659nam a22002297a 4500
003 0
005 20250916103549.0
008 250916b xxu||||| |||| 00| 0 eng d
020 _a978-1-394-27838-1
050 _aTK 5105.5
_b.L69 2025
100 _aLowe, Doug,
_eauthor.
245 _aNetworking :
_ball-in-one /
_cDoug Lowe.
250 _aNinth edition.
260 _aHoboken, NJ :
_bJohn Wiley & Sons, Inc.,
_c2025.
300 _axxiv, 934 pages :
_billustrations ;
_c24 cm.
440 _afor dummies.
504 _aIncludes index.
650 _aComputer networks.
650 _aComputer network protocols.
650 _aInternet.
942 _2lcc
_cBK
999 _c367977
_d367977